000 00431nam a22001817a 4500
003 MPLRDC
005 20220104113631.0
008 210129b ||||| |||| 00| 0 eng d
020 _a962-447-268-8
082 _a857.621 NK-5 v.83
100 _a倪匡
245 _a开心
_c
260 _a
_b明窗出版社
_c
300 _b
490 _a卫斯理科幻系列. 83
650 _a科幻小说
942 _cBK
_o857.621 NK-5 v.83
999 _c1155
_d1145